|
|
|
|
| LEADER |
00000nam a2200000 4500 |
| 001 |
vtls011776606 |
| 003 |
SK-MaSNL |
| 005 |
20260426020051.0 |
| 007 |
co cg auuua |
| 008 |
180903s2017 xo | fqn 000 0 slo |
| 015 |
|
|
|a SNBS2019
|
| 020 |
|
|
|a 9788022830140
|q (elektronická kniha)
|
| 040 |
|
|
|a SNK
|b slo
|c SNK
|e rda
|
| 041 |
0 |
|
|a slo
|a eng
|b eng
|
| 043 |
|
|
|a e-xo---
|
| 044 |
|
|
|a xo
|c SK
|
| 072 |
|
7 |
|a 630
|x Lesníctvo
|2 konspekt
|
| 080 |
|
|
|a 630*41
|2 2011
|
| 080 |
|
|
|a 630*12
|2 2011
|
| 080 |
|
|
|a 581.526.42
|2 2011
|
| 080 |
|
|
|a 630*4
|2 2011
|
| 080 |
|
|
|a 630*23
|2 2011
|
| 080 |
|
|
|a (437.6)
|2 2011
|
| 080 |
|
|
|a (082)
|2 2011
|
| 080 |
|
|
|a (0.034.44)
|2 2011
|
| 245 |
0 |
0 |
|a Ochrana lesa 2017
|b extrémy v lesných porastoch a ich odolnostný potenciál : recenzovaný zborník pôvodných vedeckých prác
|c editor: Pavol Hlaváč
|
| 246 |
3 |
0 |
|a Extrémy v lesných porastoch a ich odolnostný potenciál
|
| 250 |
|
|
|a Vydanie: I.
|
| 264 |
|
1 |
|a Zvolen
|b Technická univerzita vo Zvolene
|c 2017
|
| 300 |
|
|
|a 1 CD-ROM
|b farebný
|c 12 cm
|
| 336 |
|
|
|a text
|b txt
|2 rdacontent
|
| 337 |
|
|
|a počítač
|b c
|2 rdamedia
|
| 338 |
|
|
|a počítačový disk
|b cd
|2 rdacarrier
|
| 347 |
|
|
|a textový súbor
|b PDF
|2 rda
|
| 500 |
|
|
|a Nad názvom: Technická univerzita vo Zvolene, Lesnícka fakulta, Katedra integrovanej ochrany lesa a krajiny
|
| 504 |
|
|
|a Obsahuje bibliografie
|
| 546 |
|
|
|a Súbežné názvy príspevkov v angličtine ; anglické resumé
|
| 650 |
0 |
7 |
|a ochrana lesa
|2 SNKPH
|9 2455
|
| 650 |
0 |
7 |
|a ekológia lesa
|2 SNKPH
|9 67319
|
| 650 |
0 |
7 |
|a lesné ekosystémy
|2 SNKPH
|9 1436
|
| 650 |
0 |
7 |
|a poškodenie lesa
|2 SNKPH
|9 59129
|
| 650 |
0 |
7 |
|a obnova lesa
|2 SNKPH
|9 100062
|
| 650 |
0 |
7 |
|a Forest protection
|2 SNKPHeng
|9 276136
|
| 650 |
0 |
7 |
|a Forest ecology
|2 SNKPHeng
|9 74256
|
| 650 |
0 |
7 |
|a Forest ecosystems
|2 SNKPHeng
|9 270552
|
| 650 |
0 |
7 |
|a Damage to forests
|2 SNKPHeng
|9 338492
|
| 650 |
0 |
7 |
|a Afforestation
|2 SNKPHeng
|9 317421
|
| 651 |
|
7 |
|a Slovensko
|2 SNKPH
|9 14231
|
| 651 |
|
7 |
|a Slovakia
|2 SNKPHeng
|9 92630
|
| 655 |
|
7 |
|a zborníky
|2 SNKPH
|9 70165
|
| 655 |
|
7 |
|a CD-ROM
|2 SNKPH
|9 70236
|
| 655 |
|
7 |
|a Papers of several authors
|2 SNKPHeng
|9 153738
|
| 700 |
1 |
|
|a Hlaváč, Pavol,
|d 1965-
|4 edt
|9 426622
|
| 710 |
2 |
|
|a Technická univerzita vo Zvolene.
|b Lesnícka fakulta.
|b Katedra integrovanej ochrany lesa a krajiny
|4 pbl
|9 184595
|
| 919 |
|
|
|a 978-80-228-3014-0
|
| 958 |
|
|
|a NB
|
| 999 |
|
|
|c 1201521
|d 1203451
|
| 952 |
|
|
|a SNK
|b SNK
|y PREZ
|7 0
|p 17A1335437
|o snkSCDM 10107
|i snk2018/17808
|8 0
|0 0
|1 0
|4 0
|d 2018-09-03
|l 0
|r 2026-02-24 22:44:32
|w 2026-02-24
|
| 952 |
|
|
|t snkOCH 630
|a SNKMST
|b SNKMST
|y PREZ
|7 0
|p 17A1335436
|o snkSCDM 10107 D1
|i snk2018/17809
|8 0
|0 0
|1 0
|4 0
|d 2018-09-03
|l 0
|r 2025-08-12 00:00:00
|w 2026-02-24
|